IVA e INC

Bibliographic Details
Main Author: Chavarro Cadena, Jorge Enrique
Other Authors: Bello Franco, Eliecer
Format: eBook
Language:Spanish
Published: Bogot:̀ Grupo Editorial Nueva Legislacin̤, 2019
Subjects:
Online Access:Acceso restringido

MARC

LEADER 00000nam a22000007a 4500
005 20191015210636.0
007 cr|||| ||||
008 191015s2019 co |||||s|||| 00||0 spa d
020 |a 978-958-56259-4-5 
035 |a 30500 
040 |a vLex 
090 |c 9814  |d 9814 
100 1 |a Chavarro Cadena, Jorge Enrique 
245 1 0 |a IVA e INC  |h [Recurso electrn̤ico] /  |c Jorge Enrique Chavarro, Cadena Eliecer Bello Franco 
256 |a Servicio en ln̕ea 
260 |a Bogot:̀  |b Grupo Editorial Nueva Legislacin̤,  |c 2019 
300 |a 1 recurso electrn̤ico 
506 1 |a Disponible solo en los productos indicados  |d vLex Global  |d vLex Global (Academic Edition, excluding Law Schools)  |d vLex Global (U.S. Academic Edition, Law Schools)  |d vLex Global (U.S. Academic Edition, excluding Law Schools)  |d vLex Global (Academic Edition, Law Schools) 
650 0 4 |a Derecho Tributario  |z Colombia 
700 1 |a Bello Franco, Eliecer 
740 0 |a vLex Libros (Servicio en ln̕ea) 
856 4 0 |u http://vlex.com/source/iva-inc-30500  |z Acceso restringido 
942 |c BOOK 
999 0 |a Tax Law